00794nam a22002297a 45000050016000000080041000160100015000570200026000720200023000980350013001210370013001340400013001470820015001602450102001752600045002772700061003223000031003834900028004145000041004426500056004837000025005392011012503303.0110125t xxu||||| |||| 00| 0 eng d aENG-101957 a9780198069164c350.00 a0198069162c350.00 aEN-85490 bDBAD/PUB adplbEng a891.439371 aThe Oxford India anthology of modern Urdu literature :bfiction / cedited by Mehr Afshan Farooqi aNew DelhibOxford University Pressc2010 aYMCA Library Building, Jai Singh RoadbNew Delhie110001 axxxiii, 349 p.c23cm (pbk) aOxford India collection aIncludes bibliographical references. aUrdu fiction xHistory and criticism.y20th century aFarooqi, Mehr Afshan